Giáo trình cơ sở Matlab ứng dụng : Giáo trình dùng cho các trường đại học kỹ thuật

Khái quát chung về Matlab. Lập trình trên Matlab. Ma trận, xử lý số liệu, đồ hoạ, giải phương trình và tính toán tối ưu, giải toán cao cấp...

Kaydedildi:
Detaylı Bibliyografya
Yazar: Trần, Quang Khánh
Materyal Türü: Kitap
Dil:Undetermined
Baskı/Yayın Bilgisi: Hà Nội Khoa học và Kỹ thuật 2013
Konular:
Etiketler: Etiketle
Etiket eklenmemiş, İlk siz ekleyin!
Thư viện lưu trữ: Trung tâm Học liệu Trường Đại học Cần Thơ
LEADER 00919nam a2200229Ia 4500
001 CTU_196502
008 210402s9999 xx 000 0 und d
020 |c 180000 
082 |a 621.3190285 
082 |b Kh107/T.1 
100 |a Trần, Quang Khánh 
245 0 |a Giáo trình cơ sở Matlab ứng dụng : 
245 0 |b Giáo trình dùng cho các trường đại học kỹ thuật 
245 0 |c Trần Quang Khánh 
260 |a Hà Nội 
260 |b Khoa học và Kỹ thuật 
260 |c 2013 
520 |a Khái quát chung về Matlab. Lập trình trên Matlab. Ma trận, xử lý số liệu, đồ hoạ, giải phương trình và tính toán tối ưu, giải toán cao cấp... 
650 |a Electric circuits,Mạch điện 
904 |i Nguyên 
910 |a Hải 
980 |a Trung tâm Học liệu Trường Đại học Cần Thơ